LEADER 03343nam 22005895 450 001 996343844003316 005 20231110213134.0 010 $a3-11-069647-9 024 7 $a10.1515/9783110696479 035 $a(CKB)5340000000065291 035 $a(DE-B1597)546320 035 $a(DE-B1597)9783110696479 035 $a(MiAaPQ)EBC6209931 035 $a(Au-PeEL)EBL6209931 035 $a(OCoLC)1153506795 035 $a(oapen)https://directory.doabooks.org/handle/20.500.12854/51951 035 $a(EXLCZ)995340000000065291 100 $a20200424h20202020 fg 101 0 $ager 135 $aur||||||||||| 181 $ctxt$2rdacontent 182 $cc$2rdamedia 183 $acr$2rdacarrier 200 00$aLogiken der Sammlung $eDas Archiv zwischen Strategie und Eigendynamik /$fPetra-Maria Dallinger, Georg Hofer 210 $cDe Gruyter$d2020 210 1$aBerlin ;$aBoston : $cDe Gruyter, $d[2020] 210 4$d©2020 215 $a1 online resource (202 p.) 225 0 $aLiteratur und Archiv ;$v4 311 $a3-11-069578-2 327 $tFrontmatter -- $tInhalt -- $tVorwort -- $tNaiver Realismus? Zur Gegenständlichkeit des Sammelns -- $tDie kulturpoetische Funktion des Archivs -- $tIdiosynkrasie und Systematik in KünstlerInnenarchiven -- $tSelbstzeugnisse sammeln -- $tDer eine kommt ins Archiv, der andere kommt nicht ins Archiv -- $tKleine Literaturen ? kleine Archive? -- $tDie Konservierung der Töne. Ein Archiv für gesprochene Sprache -- $tEinblicke in klösterliche Archive und Bibliotheken am Beispiel von St. Florian -- $tDas Oberösterreichische Landesarchiv. Spuren von Dichtern, Literatur und Kultur -- $tSammlung zur Repression ? Zugang als demokratisches Recht -- $tGestapo/Sonderauftrag Linz/ Central Collecting Point München/ Österreichische Galerie/Restitution -- $tArchiv und Politik -- $tVerzeichnis der Autorinnen und Autoren -- $tAbbildungsnachweis 330 $aDas Archiv und seine verschiedenen Ausformungen als Speicher des kulturellen Gedächtnisses stehen im Mittelpunkt des vierten Bandes der Reihe Literatur und Archiv. Was bedeutet es, wenn ein Archiv nur einer Bestandsbildnerin gewidmet ist, wenn sich Nachlasseinheiten in Bibliotheken und Depots musealer Institutionen oder in Verwaltungsarchiven finden? Im Blick auf unterschiedliche Sammlungseinrichtungen und ihre jeweils spezifischen Herausforderungen zeigen sich nicht nur Differenzen, sondern auch Parallelen und Schnittstellen einer heterogenen Archivlandschaft. 410 0$aLiteratur und Archiv 606 $aArchiv 606 $aNachlassinventar 606 $aLITERARY CRITICISM / European / General$2bisacsh 610 $aArchives. 610 $aliterary estate inventories. 615 4$aArchiv. 615 4$aNachlassinventar. 615 7$aLITERARY CRITICISM / European / General. 700 $aHofer$b Georg$4auth$0955187 701 $aMaurer$b Stefan$0979463 702 $aDallinger$b Petra-Maria, $4edt$4http://id.loc.gov/vocabulary/relators/edt 702 $aHofer$b Georg, $4edt$4http://id.loc.gov/vocabulary/relators/edt 712 02$aAdalbert-Stifter-Institut$4fnd$4http://id.loc.gov/vocabulary/relators/fnd 801 0$bDE-B1597 801 1$bDE-B1597 906 $aBOOK 912 $a996343844003316 996 $aLogiken der Sammlung$93587754 997 $aUNISA LEADER 05426nam 2200649Ia 450 001 9910957455703321 005 20251117065748.0 010 $a1-61761-420-3 035 $a(CKB)2670000000091401 035 $a(EBL)3018198 035 $a(SSID)ssj0000470310 035 $a(PQKBManifestationID)11331935 035 $a(PQKBTitleCode)TC0000470310 035 $a(PQKBWorkID)10410077 035 $a(PQKB)10142370 035 $a(MiAaPQ)EBC3018198 035 $a(Au-PeEL)EBL3018198 035 $a(CaPaEBR)ebr10659120 035 $a(OCoLC)923657439 035 $a(BIP)43288497 035 $a(BIP)31683990 035 $a(EXLCZ)992670000000091401 100 $a20100714d2011 uy 0 101 0 $aeng 135 $aur|n|---||||| 181 $ctxt 182 $cc 183 $acr 200 00$aInjection molding $eprocess, design, and applications /$fPhoebe H. Kauffer, editor 205 $a1st ed. 210 $aNew York $cNova Science Publishers$dc2011 215 $a1 online resource (304 p.) 225 0 $aMaterials science and technologies 300 $aDescription based upon print version of record. 311 08$a1-61761-307-X 320 $aIncludes bibliographical references and index. 327 $a""INJECTION MOLDING: PROCESS, DESIGN AND APPLICATIONS""; ""INJECTION MOLDING: PROCESS, DESIGN AND APPLICATIONS""; ""CONTENTS ""; ""PREFACE""; ""OVERVIEW OF INJECTION MOLDING AS A MANUFACTURING TECHNIQUE FOR PHARMACEUTICAL APPLICATIONS ""; ""ABSTRACT ""; ""1. INTRODUCTION ""; ""2. MATERIALS USED IN INJECTION MOLDING""; ""2.1. Carriers ""; ""2.2. Plasticizers ""; ""2.3. Active Pharmaceutical Ingredients ""; ""3. INJECTION MOLDING APPLICATIONS""; ""3.1 Solid Dispersions""; ""3.2. Oral Controlled Release Drug Delivery Systems ""; ""3.3. Medical Implants ""; ""3.4. Vaginal Rings/Inserts "" 327 $a""3.5. Other (Bio)-Medical Applications """"CONCLUSION AND OUTLOOK ""; ""REFERENCES ""; ""MELT/SOLID WELDLINE IN OVER INJECTION MOLDING: INTERFACIAL CRYSTALLINE STRUCTURES AND ADHESION BETWEEN SEMICRYSTALLINE POLYMER INTERFACES ""; ""INTRODUCTION ""; ""EXPERIMENTAL ""; ""Material""; ""Specimens Preparation ""; ""CHARACTERIZATION ""; ""Polarized Light Microscope (PLM)""; ""Scanning Electron Microscope (SEM) ""; ""Lap Shear Measurement for Interfacial Bonding Strength ""; ""PART I. INTERFACIAL CRYSTALLINE STRUCTURES AND ADHESION BETWEEN SEMICRYSTALLINE POLYMER INTERFACES "" 327 $a""1.1. Morphology Perpendicular to the Flow Direction """"1.2. Morphology along the Flow Direction ""; ""2. EFFECT OF TEMPERATURE ON INTERFACIAL MORPHOLOGY ""; ""3. EFFECT OF SHEAR STRESS ON INTERFACIAL MORPHOLOGY""; ""4. THE FORMATION MECHANISM OF DIVERSE INTERFACIAL CRYSTALLINE STRUCTURES""; ""4.1. Competing Interfacial Morphology""; ""4.2. Interfacial Shish-Kebab Layer (SKL)""; ""4.3. Interfacial Transcrystalline Layer (TCL)""; ""5. THE INTERFACIAL ADHESION OF THE INTERFACE ""; ""CONCLUSIONS "" 327 $a""PART II. ENHANCEMENT OF INTERFACIAL ADHESION AT ASYMMETRIC POLYMER INTERFACE VIA IN-SITU REACTIVE COMPATIBILIZATION """"Introduction ""; ""Experimental ""; ""Preparation of Specimens""; ""Characterization ""; ""Interfacial Adhesion ""; ""Interfacial Morphology ""; ""Determination of the Density of Copolymers at the Interface ""; ""Interfacial Fracture Mechanism ""; ""SECTION I. THE INTERFACIAL ADHESION AND FRACTURE MECHANISM OF PE/PA6 IN SITU REACTIVE COMPATIBILIZED BY THE ADDITION OF PE-MAH INTO PE INTERFACE"" 327 $a""1. Effect of PE-MAH Content and Processing Parameters on the Interfacial Adhesion """"2. Interfacial Morphology""; ""3. Interfacial Fracture Mechanism ""; ""SECTION II. EFFECT OF GRADIENT COOLING ON THE REACTIVE REINFORCEMENT IN A SEQUENTIAL INJECTION MOLDING ""; ""1. The Relationship between IS andin a Sequential Injection Molding Process ""; ""2. The Relationship between IS andin Isothermal Annealing Process ""; ""SECTION III. EFFECT OF A TIE LAYER ON THE ENHANCED INTERFACIAL ADHESION BETWEEN PE AND PA6 IN A SEQUENTIAL INJECTION MOLDING "" 327 $a""1. Effect of Processing Parameters on Interfacial Adhesion of Overinjection Molded PE/Tie Layer/PA6 Interface "" 330 $aInjection molding is one of the most versatile and important manufacturing processes, capable of mass-producing complicated plastic parts in a variety of complex shapes with high dimensional precision. It is a major processing technique for converting thermoplastic and thermosetting materials with the aid of heat and pressure into complicated parts, consuming worldwide approximately 32% of all plastics. This book presents current research data in the study of injection molding from across the globe, including an overview of injection molding as a manufacturing technique for pharmaceutical applications; melt/solid weldline in over injection molding; metal injection molding of Co for biomedical applications; and the application of ultrasonic technology in the injection molding process. 410 0$aMaterials Science and Technologies 606 $aInjection molding of plastics 606 $aPlastics 615 0$aInjection molding of plastics. 615 0$aPlastics. 676 $a668.4/12 701 $aKauffer$b Phoebe H$01863527 801 0$bMiAaPQ 801 1$bMiAaPQ 801 2$bMiAaPQ 906 $aBOOK 912 $a9910957455703321 996 $aInjection molding$94470181 997 $aUNINA